World Capital (Country, territories, ...) - Statistics

General Stats
  • This quiz has been taken 9 times
    6 since last reset
  • The average score is 127 of 256
Answer Stats
Pays Capital % Correct
Algeria Algiers
100%
Sierra Leone Freetown
100%
Botswana Gaborone
100%
Angola Luanda
100%
Somalia Mogadishu
100%
Cape Verde Praia
100%
Cameroon Yaoundé
100%
Ghana Accra
83%
South Africa Bloemfontein / Cape Town / Pretoria
83%
Congo Brazzaville
83%
Egypt Cairo
83%
Djibouti Djibouti City
83%
Tanzania Dodoma
83%
Ascension | Guyana Georgetown
83%
Cayman Islands George Town
83%
Zimbabwe Harare
83%
South Sudan Juba
83%
Uganda Kampala
83%
Sudan Khartoum
83%
Malaysia Kuala Lumpur
83%
Togo Lomé
83%
Zambia Lusaka
83%
Liberia Monrovia
83%
Kenya Nairobi
83%
Chad N'Djamena
83%
Libya Tripoli
83%
Tunisia Tunis
83%
Nigeria Abuja
67%
Madagascar Antananarivo
67%
Central African Republic Bangui
67%
Equatorial Guinea Ciudad de la Paz
67%
Senegal Dakar
67%
Syria Damascus
67%
Qatar Doha
67%
Tajikistan Dushanbe
67%
Burundi Gitega
67%
Pakistan Islamabad
67%
Nepal Kathmandu
67%
Rwanda Kigali
67%
Democratic Republic of the Congo Kinshasa
67%
Gabon Libreville
67%
Malawi Lilongwe
67%
Maldives Malé
67%
Philippines Manila
67%
Lesotho Maseru
67%
Comoros Moroni
67%
Russia Moscow
67%
Oman Muscat
67%
Burkina Faso Ouagadougou
67%
Panama Panama City
67%
Mauritius Port Louis
67%
Benin Porto-novo
67%
North Korea Pyongyang
67%
Morocco Rabat
67%
Saudi Arabia Riyadh
67%
Yemen Sana'a
67%
Costa Rica San José
67%
El Salvador San Salvador
67%
Canary Islands Santa Cruz / Las Palmas
67%
São Tomé and Principe São Tomé
67%
South Korea Seoul
67%
Singapore Singapore
67%
Sri Lanka Sri Jayawardenepura Kotte
67%
Albania Tirana
67%
Mongolia Ulaanbaatar
67%
Seychelles Victoria
67%
Namibia Windhoek
67%
United Arab Emirates Abu Dhabi
50%
Pitcairn Islands Adamstown
50%
Ethiopia Addis Abeba
50%
Netherlands Amsterdam
50%
Turkey Ankara
50%
Samoa Apia
50%
Turkmenistan Ashgabat
50%
Eritrea Asmara
50%
Kazakhstan Astana
50%
Paraguay Asunción
50%
Greece Athens
50%
Iraq Baghdad
50%
Azerbaidjan Baku
50%
Mali Bamako
50%
Brunei Bandar Seri Begawan
50%
Gambia Banjul
50%
Saint Kittis and Nevis Basseterre
50%
Guadeloupe Basse-Terre
50%
China Beijing
50%
Lebanon Beirut
50%
Serbia Belgrade
50%
Belize Belmopan
50%
Germany Berlin
50%
Switzerland Bern
50%
Kyrgyzstan Bishkek
50%
Guinea-Bissau Bissau
50%
Colombia Bogotá
50%
Brazil Brasília
50%
Barbados Bridgetown
50%
Belgium Brussels
50%
Hungary Budapest
50%
Argentina Buenos Aires
50%
Australia Canberra
50%
Venezuela Caracas
50%
Saint Lucia Castries
50%
Guinea Conakry
50%
Bangladesh Dhaka
50%
Ireland Dublin
50%
Madeira Funchal
50%
Gibraltar Gibraltar
50%
Guatemala Guatemala City
50%
Bermuda Hamilton
50%
Vietnam Hanoi
50%
Cuba Havana
50%
Finland Helsinki
50%
Hong Kong Hong Kong
50%
Indonesia Jakarta
50%
Saint Helena Jamestown
50%
Israel Jerusalem
50%
Afghanistan Kabul
50%
Norfolk Island | jamaica Kingston
50%
Saint Vincent and the Grenadines Kingstown
50%
Kuwait Kuwait City
50%
Ukraine Kyiv
50%
Peru Lima
50%
Portugal Lisbon
50%
United Kingdom London
50%
Luxembourg Luxembourg
50%
Macau Macau
50%
Spain Madrid
50%
Nicaragua Managua
50%
Bahrain Manama
50%
Mozambique Maputo
50%
Eswatini Mbabane
50%
Mexico Mexico City
50%
Belarus Minsk
50%
Monaco Monaco
50%
Uruguay Montevideo
50%
Bahamas Nassau
50%
India New Delhi
50%
Niger Niamey
50%
Cyprus Nicosia
50%
Mauritanie Nouakchott
50%
Greenland Nuuk
50%
Norway Oslo
50%
Canada Ottawa
50%
Suriname Paramaribo
50%
France Paris
50%
Cambodia Phnom Penh
50%
Haiti Port-au-Prince
50%
Papua New Guinea Port Moresby
50%
Trinidad and Tobago Port of Spain
50%
Czechia Prague
50%
Kosovo Pristina
50%
Ecuador Quito
50%
Icaland Reykjavik
50%
Latvia Riga
50%
Italy Rome
50%
Dominica Roseau
50%
Réunion Saint Denis
50%
Puerto Rico San Juan
50%
San Marino San Marino
50%
Chile Santiago
50%
Dominican Republic Santo Domingo
50%
Bosnia and Herzegovina Sarajevo
50%
North Macedonia Skopje
50%
Bulgaria Sofia
50%
Kiribati South Tarawa
50%
Grenada St. George's
50%
Antigua and Barbuda St. John's
50%
Sweden Stockholm
50%
Bolivia Sucre / La Paz
50%
Fidji Suva
50%
Taiwan Taipei
50%
Estonia Tallinn
50%
Uzbekistan Tashkent
50%
Georgia Tbilisi
50%
Honduras Tegucigalpa
50%
Iran Tehran
50%
Bhutan Thimphu
50%
Japan Tokyo
50%
Liechtenstein Vaduz
50%
Malta Valletta
50%
Vatican Vatican
50%
Austria Vienna
50%
Laos Vientiane
50%
Lithuania Vilnius
50%
Poland Warsaw
50%
United States Washington D.C.
50%
New Zealand Wellington
50%
Curaçao Willemstad
50%
Ivory Coast Yamoussoukro
50%
Armenia Yerevan
50%
Croatia Zagreb
50%
Jordan Amman
33%
Thailand Bangkok
33%
Slovakia Bratislava
33%
French Guiana Cayenne
33%
United States Virgin Islands Charlotte Amalie
33%
Turks and Caicos Islands Cockburn Town
33%
Timor Leste Dili
33%
Martinique Fort-de-France
33%
Guam Hagatña
33%
Bonaire Kralendijk
33%
Slovenia Ljubljana
33%
Marshall Islands Majuro
33%
Mayotte Mamoudzou
33%
Aland Mariehamn
33%
Palau Ngerulmud
33%
Tonga Nuku'Alofa
33%
Aruba | Sint Eustatius Oranjestad
33%
French Polynesia Papeete
33%
Montserrat Plymouth
33%
Montenegro Podgorica
33%
Vanuatu Port Vila
33%
British Virgin Islands Road Town
33%
Guernsey Saint Peter Port
33%
Saint Pierre and Miquelon Saint Pierre
33%
Northern Mariana Islands Saipan
33%
Falkland Islands Stanley
33%
Anguilla The Valley
33%
Nauru Yaren
33%
Isle of Man Douglas
17%
Tristan da Cunha Edinburgh of the Seven Seas
17%
Akrotiri and Dhekelia Episkopi Cantonment
17%
Tuvalu Funafuti
17%
Saint Barthélemy Gustavia
17%
Easter Island Hanga Roa
17%
Somaliland Hargeisa
17%
Solomon Islands Honiara
17%
South Georgia and the South Sandwich Islands King Edward Point
17%
Svalbard Longyearbyen
17%
Wallis and Futuna Mata-Utu
17%
New Caledonia Nouméa
17%
American Samoa Pago Pago
17%
Federated States of Micronesia Palikir
17%
Sint Maarten Philipsburg
17%
Palestine Ramallah
17%
Jersey Saint Helier
17%
San Andrés San Andrés
17%
Saba The Bottom
17%
Faroe Islands Tórshavn
17%
Cocos Islands West Island
17%
Niue Alofi
0%
Andorra Anorra la Vella
0%
Tokelau Atafu
0%
Cook Islands Avarua
0%
Romania Bucarest
0%
Denmark Copenhaguen
0%
Sahrawi Republic El Aaiún
0%
Christmas Island Flying Fish Cove
0%
Myanmar Nay Pyi Taw
0%
Northern Cyprus North Nicosia
0%
Abkhazia Sukhumi
0%
Transnistria Tiraspol
0%
South Ossetia Tskhinvali
0%
No matching quizzes found
Score Distribution
Percent of People with Each Score
Percentile by Number Answered
Your Score History
You have not taken this quiz since the last reset